| 000 | 00667nam a2200241Ia 4500 | ||
|---|---|---|---|
| 003 | OSt | ||
| 005 | 20220926011010.0 | ||
| 006 | a|||||r|||| 00| 0 | ||
| 007 | ta | ||
| 008 | 220923b |||||||| |||| 00| 0 eng d | ||
| 020 | _a0131671553 | ||
| 037 | _cGeneral Book | ||
| 040 |
_aRTL _cRTL _beng |
||
| 041 |
_2eng _aeng |
||
| 082 | _aX9(D3):8.73.N7, M0 | ||
| 100 |
_aHoleman Jack R. _9313381 |
||
| 245 | 0 | _aCondominium management | |
| 260 |
_aNew Jersey _bPrentice Hall _c1980 |
||
| 300 |
_ax, 356p. _ccm. |
||
| 650 |
_aHousing Industry _9231829 |
||
| 942 |
_hX9(D3):8.73.N7, M0 _cGB _2CC |
||
| 999 |
_c618801 _d618801 |
||